000 01029nam a22003257a 4500
003 CHAP
005 20220329140246.0
008 971013s1986 r 00010 d
010 _a49361
011 _a50333
035 _a54483
040 _cCHAP
090 _aTesis
100 0 0 _aViesca González, Felipe Carlos.
_9119300
245 _aRompimiento de latencia en damiana (Turnera diffusa Willd)
260 _aChapingo, Méx. :
_bEl autor,
_c1986
300 _a69 h.
502 _aTesis (Ing. Agr. Esp. en Fitotecnia) -- UACH. Departamento de Fitotecnia
590 _aALEPH
_b10
_c20130110
_lUCH01
_h1322
590 _aBATCH-UPD
_b10
_c20130110
_lUCH01
_h0656
590 _aBATCH-UPD
_b10
_c20130410
_lUCH01
_h0341
590 _aBATCH-UPD
_b10
_c20130914
_lUCH01
_h1541
590 _aCONVERSION
_b10
_c20130109
_lUCH01
_h1327
650 1 4 _aGerminación.
_947755
650 1 4 _aLetargo en plantas.
_966367
650 1 4 _aTurnera diffusa.
_9115674
901 _aBK
942 _cTESIS
949 _bBC
_cTES
_d-120194
_eTS1
_i54483
_si
999 _c49361
_d49361